[Event "Jesenik Rapid op"]
[Site "Jesenik"]
[Date "2023.08.18"]
[Round "6"]
[White "Vranova, Zdenka"]
[Black "Bures, Vladimir"]
[Result "1-0"]
[WhiteElo "1775"]
[BlackElo "2034"]
[PlyCount "107"]
[EventDate "2023.08.18"]
[EventType "swiss (rapid)"]
[EventRounds "9"]
[EventCountry "CZE"]
[SourceTitle "EXT 2024"]
[Source "ChessBase"]
[SourceDate "2023.10.10"]
[SourceVersion "1"]
[SourceVersionDate "2023.10.10"]
[SourceQuality "1"]

1. e4 Nf6 2. e5 Nd5 3. d4 d6 4. exd6 Qxd6 5. Nf3 Nc6 6. c3 Bg4 7. Be2 0-0-0 8. 0-0 Bxf3 9. Bxf3 e5 10. dxe5 Nxe5 11. Be4 g6 12. Na3 Nxc3 13. Qxd6 Ne2+ 14. Kh1 Bxd6 15. Be3 Bxa3 16. bxa3 Nc3 17. Bc2 f6 18. Bb3 Nd5 19. Bd2 Rhe8 20. Rae1 c6 21. h3 Nd3 22. Rxe8 Rxe8 23. Bh6 Re1 24. Rxe1 Nxe1 25. Bg7 f5 26. Kg1 Nd3 27. Kf1 Kd7 28. g3 Nc5 29. Bc2 Ne6 30. Be5 b5 31. Ke2 c5 32. Kd2 Kc6 33. a4 b4 34. Bd3 Nb6 35. Bb5+ Kb7 36. a5 a6 37. Be2 Nd7 38. Bf3+ Kc8 39. Bd6 Nf6 40. Be7 Ne8 41. Bc6 Nd4 42. Bxe8 Kc7 43. Bxc5 Ne6 44. Bxb4 Kd8 45. Bf7 Ng5 46. Bc4 Nxh3 47. Bxa6 Nxf2 48. Bd3 Ng4 49. a6 Kc7 50. Bc5 Ne5 51. Be2 Nd7 52. Bd4 Kb8 53. a7+ Ka8 54. Bf3# 1-0

[Event "CZE-chT2e 0405"]
[Site "Czech Republic"]
[Date "2004.11.07"]
[Round "2.7"]
[White "Dopita, Bohumil"]
[Black "Bures, Vladimir"]
[Result "0-1"]
[WhiteElo "2138"]
[BlackElo "2131"]
[PlyCount "74"]
[EventDate "2004.10.17"]
[EventType "team"]
[EventRounds "11"]
[EventCountry "CZE"]
[SourceTitle "EXT 2007"]
[Source "ChessBase"]
[SourceDate "2006.11.23"]
[SourceVersion "1"]
[SourceVersionDate "2006.11.23"]
[SourceQuality "1"]

1. e4 Nf6 2. Nc3 d5 3. e5 Nfd7 4. d4 e6 5. f4 c5 6. Nf3 Nc6 7. Be3 Qb6 8. dxc5 Nxc5 9. Rb1 a5 10. Qd2 a4 11. Bb5 Qa5 12. Bxc5 Bxc5 13. Bxa4 Bb4 14. Bb3 Qc5 15. Rd1 0-0 16. Nd4 f6 17. exf6 Rxf6 18. 0-0 Nxd4 19. Qxd4 Qxd4+ 20. Rxd4 Bc5 21. Ne2 Bd7 22. Kh1 Bxd4 23. Nxd4 Ba4 24. g3 Bxb3 25. axb3 e5 26. Ne2 exf4 27. Rxf4 Rxf4 28. Nxf4 Ra1+ 29. Kg2 Rc1 30. Nxd5 Rxc2+ 31. Kf3 Rxb2 32. b4 Rxh2 33. Ne7+ Kf7 34. Nf5 Rd2 35. Ke3 Rd7 36. Ke4 Kf6 37. Nd4 h5 0-1